LIBRARY & INFORMATION CENTRE, KCAET, TAVANUR

ONLINE PUBLIC ACCESS CATALOGUE (OPAC)

Fabrication and performance evaluation of vertical farming structure for homesteads (Record no. 15087)

MARC details
000 -LEADER
fixed length control field 00914nam a22002057a 4500
003 - CONTROL NUMBER IDENTIFIER
control field OSt
088 ## - REPORT NUMBER
Report number P 295
100 ## - MAIN ENTRY--AUTHOR NAME
Personal name AMEENA R. K
245 ## - TITLE STATEMENT
Title Fabrication and performance evaluation of vertical farming structure for homesteads
260 ## - PUBLICATION, DISTRIBUTION, ETC. (IMPRINT)
Place of publication Tavanur 2015
Name of publisher Department of Land & Water Resources and Conservation Engineeringy
300 ## - PHYSICAL DESCRIPTION
Number of Pages 75
500 ## - GENERAL NOTE
General note Fabrication and performance evaluation of vertical farming structure for homesteads
520 ## - SUMMARY, ETC.
Summary, etc aimed to fabricate a vertical farming structure suited to flat balcony in KCAET and to compare the performance evaluation of crops under vertical farming structure and potted cultivation.
700 ## - ADDED ENTRY--PERSONAL NAME
Personal name Anjitha Krishna P. R
700 ## - ADDED ENTRY--PERSONAL NAME
Personal name Sreekutty Suresh V
700 ## - ADDED ENTRY--PERSONAL NAME
Personal name Er. Priya G. Nair (Guide)
856 ## - ELECTRONIC LOCATION AND ACCESS
Uniform Resource Identifier https://drive.google.com/open?id=1hXXaFvwVKpdPC691jDAYqaMG3uStjBWc
942 ## - ADDED ENTRY ELEMENTS (KOHA)
Koha item type Project Report
Holdings
Collection code Home library Current library Shelving location Full call number Accession Number Koha item type
Reference KAUAET KAUAET Reference 631.75807 AME/FA P 295 Project Report
free website counter